Entry Nombre personal
001 - NÚMERO DE CONTROL
- campo de control: 235834
003 - IDENTIFICADOR DE NÚMERO DE CONTROL
- campo de control: SpMaBN
005 - FECHA Y HORA DE LA ÚLTIMA TRANSACCIÓN
- campo de control: 20240416174453.0
008 - ELEMENTOS DE DATO DE LONGITUD-FIJA
- campo de control de longitud fija: 221219n| azznnaabn |a aac d
040 ## - FUENTE DE CATALOGACIÓN
- Centro catalogador/agencia de origen: SpMaBN
- Lengua de catalogación: spa
- Centro/agencia transcriptor: SpMaBN
- Normas de descripción: rdc
- Convención/Normas de encabezamiento de materia/tesauro: embne
046 ## - FECHAS CON CODIFICACIÓN ESPECIAL
- Fecha de nacimiento: 1961
100 1# - ENCABEZAMIENTO-NOMBRE DE PERSONA
- Nombre de persona: Ballesteros Torres MW, Pedro,
- Fechas asociadas al nombre: 1961-
372 ## - CAMPO DE ACTIVIDAD
- Campo de actividad: Viticultura
- Campo de actividad: Enología
- Fuente del término: embne
375 ## - GÉNERO/SEXO
- Género: Masculino
377 ## - IDIOMA ASOCIADO
- Término de lengua/lenguaje: Español
400 1# - TRAZADO DE VÉASE--NOMBRE DE PERSONA
- Nombre de persona: Ballesteros Torres, Pedro,
- Fechas asociadas al nombre: 1961-
400 1# - TRAZADO DE VÉASE--NOMBRE DE PERSONA
- Nombre de persona: Ballesteros, Pedro,
- Fechas asociadas al nombre: 1961-
670 ## - FUENTE DE DATOS ENCONTRADOS
- Cita de la fuente: Comprender el vino, 2021
- Información encontrada: portada (Pedro Ballesteros Torres MW) solapa (Pedro Ballesteros; ingeniero agrónomo y máster en Viticultura y Enología)
670 ## - FUENTE DE DATOS ENCONTRADOS
- Cita de la fuente: WWW CANTIC, 19-12-2021
- Información encontrada: (Pedro Ballesteros Torres; nacido en 1961)
- Identificador Uniforme de Recursos: https://cantic.bnc.cat/detall/21102/46917
